[Event "Titled Tue 3rd Jun Early"]
[Site "chess.com INT"]
[Date "2025.06.03"]
[Round "8"]
[White "Purtseladze, Maka"]
[Black "Shuvalov, Evgenij"]
[Result "1-0"]
[WhiteTitle "IM"]
[WhiteElo "2261"]
[BlackElo "1986"]
[WhiteFideId "13602659"]
[BlackFideId "4187237"]
[EventDate "2025.06.03"]

1. d4 Nf6 2. c4 g6 3. Nc3 d5 4. cxd5 Nxd5 5. e4 Nxc3 6. bxc3 Bg7 7. Qa4+ Nd7 8.
Nf3 O-O 9. Be2 Nb6 10. Qa3 Qd6 11. O-O Bd7 12. e5 Qxa3 13. Bxa3 Rfe8 14. Rab1
Rab8 15. c4 Na4 16. Rfc1 Bh6 17. Re1 Nc3 18. Rb2 Nxe2+ 19. Rexe2 b5 20. cxb5
Bxb5 21. Rec2 c6 22. Bc5 a5 23. Ne1 a4 24. a3 f6 25. g3 fxe5 26. dxe5 e6 27. f4
Bf8 28. Nf3 Red8 29. Ng5 Rd1+ 30. Kf2 Bxc5+ 31. Rxc5 Rd3 32. Nxe6 Rxa3 33. Nd4
Rb7 34. Nxb5 cxb5 35. Rcxb5 Rxb5 36. Rxb5 Ra2+ 37. Kf3 Rxh2 38. Rb8+ Kf7 39.
Rb7+ Ke6 40. Ra7 Ra2 41. Rxh7 Ra3+ 42. Kg4 Ra1 43. Rg7 a3 44. Rxg6+ Ke7 45. Ra6
a2 46. f5 Kd7 47. Ra7+ Kc6 48. Kg5 Kd5 49. e6 Kd6 50. e7 Re1 51. Rxa2 Kxe7 52.
Ra7+ Kf8 53. g4 Rb1 54. Kg6 Rb6+ 55. f6 Rb8 56. Rh7 1-0

[Event "Titled Tue 3rd Jun Early"]
[Site "chess.com INT"]
[Date "2025.06.03"]
[Round "8"]
[White "Rentsen, Erdenetulga"]
[Black "Modric, Nesa"]
[Result "1-0"]
[BlackTitle "CM"]
[WhiteElo "2182"]
[BlackElo "2088"]
[WhiteFideId "4901320"]
[BlackFideId "922579"]
[EventDate "2025.06.03"]

1. e4 c6 2. d4 d5 3. exd5 cxd5 4. Bd3 Nc6 5. c3 g6 6. h3 Bg7 7. Nf3 Nh6 8. O-O
O-O 9. Re1 f6 10. c4 Nb4 11. Bf1 Bf5 12. Na3 Nf7 13. Bd2 a5 14. Bf4 Be4 15. Nd2
Bd3 16. Bg3 dxc4 17. Ndxc4 Bxf1 18. Kxf1 Rc8 19. Kg1 b5 20. Ne3 e5 21. Nxb5 Qd7
22. a4 Rfd8 23. dxe5 Nxe5 24. Bxe5 fxe5 25. Qb3+ Kh8 26. Rad1 Qe7 27. Nd5 Nxd5
28. Rxd5 e4 29. Rxd8+ Rxd8 30. Qc2 Re8 31. Nc3 Qb4 32. Rxe4 Rxe4 33. Nxe4 Bxb2
34. g3 h5 35. h4 Bg7 36. Qc6 Kh7 37. Ng5+ Kh6 38. Kg2 Qe7 39. Qd5 Qc7 40. Nf7+
Kh7 41. Ng5+ Kh6 42. Nh3 Bf6 43. Nf4 Bg7 44. Qe4 Qf7 45. Qe3 Kh7 46. Qc5 Bc3 47.
Qxc3 Qb7+ 48. Qf3 Qb4 49. Qd5 Qxa4 50. Ne6 Qe8 51. Ng5+ Kh6 52. Qxa5 1-0

[Event "Titled Tue 3rd Jun Early"]
[Site "chess.com INT"]
[Date "2025.06.03"]
[Round "8"]
[White "Fadi, Marko"]
[Black "Levano Loayza, Adriano Jaffet"]
[Result "1-0"]
[WhiteTitle "FM"]
[BlackTitle "CM"]
[WhiteElo "2244"]
[BlackElo "2049"]
[WhiteFideId "10605371"]
[BlackFideId "3865584"]
[EventDate "2025.06.03"]

1. d3 d5 2. Nd2 g6 3. e3 Bg7 4. Ne2 c5 5. g3 Nc6 6. Bg2 Nf6 7. O-O O-O 8. b3 b6
9. Bb2 Bb7 10. a3 Rb8 11. h3 d4 12. exd4 Nxd4 13. Bxb7 Rxb7 14. Nxd4 cxd4 15.
Nc4 Nd5 16. a4 a6 17. Re1 Qc7 18. Qf3 Rd8 19. Re2 b5 20. axb5 axb5 21. Na3 h5
22. Rae1 e6 23. Nb1 Ra7 24. Ba3 b4 25. Bc1 Ra2 26. Bg5 Rc8 27. Nd2 Rxc2 28. Nc4
Rxe2 29. Rxe2 Nb6 30. Rc2 Qa7 31. Bf6 Nxc4 32. dxc4 Qa1+ 33. Kg2 Bxf6 34. Qxf6
Qd1 35. Ra2 Qxb3 36. Ra7 Rf8 37. Qxd4 Qc2 38. Rb7 b3 39. c5 Rc8 40. Rxf7 Kxf7
41. Qd7+ Kf6 42. Qxc8 b2 43. Qh8+ Ke7 44. Qg7+ Kd8 45. Qf8+ Kc7 46. Qd6+ Kb7 47.
Qb6+ Kc8 48. c6 Qe4+ 49. Kh2 Qd5 50. Qb7+ Kd8 51. c7+ Ke7 52. c8=Q+ Kf6 53. Qf8+
Kg5 54. Qxb2 1-0

[Event "Titled Tue 3rd Jun Early"]
[Site "chess.com INT"]
[Date "2025.06.03"]
[Round "8"]
[White "Vokhidov, Shamsiddin"]
[Black "So, Wesley"]
[Result "0-1"]
[WhiteTitle "GM"]
[BlackTitle "GM"]
[WhiteElo "2641"]
[BlackElo "2751"]
[WhiteFideId "14204223"]
[BlackFideId "5202213"]
[EventDate "2025.06.03"]

1. e4 c6 2. Nf3 d5 3. Nc3 Bg4 4. h3 Bh5 5. Be2 e6 6. d4 Nf6 7. e5 Nfd7 8. Ng5
Bg6 9. Bd3 Be7 10. h4 c5 11. dxc5 Nc6 12. Nb5 Ncxe5 13. Bxg6 hxg6 14. Qe2 Kf8
15. Bf4 Bxg5 16. Bxe5 Nxe5 17. Qxe5 Qa5+ 18. c3 Qxb5 19. Qxg5 Qxc5 20. O-O Qe7
21. Qxe7+ Kxe7 22. g3 Rac8 23. Rad1 b5 24. Rfe1 Kd6 25. Kg2 Rc4 26. Re3 b4 27.
cxb4 Rxb4 28. Ra3 Rb7 29. Ra6+ Kd7 30. Rd3 Rc8 31. Rda3 Rcc7 32. b3 Ke7 33. R3a4
Rd7 34. Kf3 d4 35. Ke2 Rbc7 36. Rc4 e5 37. Kd3 f5 38. Rxg6 Rxc4 39. bxc4 e4+ 40.
Kc2 Kf7 41. Ra6 d3+ 42. Kd2 Rb7 43. Kc3 Rb1 44. Rxa7+ Kf6 45. c5 Rc1+ 46. Kd2
Rxc5 47. a4 Rc2+ 48. Ke1 Re2+ 49. Kf1 Ra2 50. Ke1 Ra1+ 51. Kd2 Ra2+ 52. Ke1 g6
53. a5 Ra1+ 54. Kd2 Rf1 55. Ke3 Re1+ 56. Kd2 Re2+ 57. Kd1 Rxf2 58. a6 e3 59. Ra8
Rf1# 0-1

[Event "Titled Tue 3rd Jun Early"]
[Site "chess.com INT"]
[Date "2025.06.03"]
[Round "8"]
[White "Sychev, Klementy"]
[Black "Shukhman, Anna"]
[Result "1-0"]
[WhiteTitle "GM"]
[BlackTitle "WGM"]
[WhiteElo "2542"]
[BlackElo "2413"]
[WhiteFideId "4114060"]
[BlackFideId "54180058"]
[EventDate "2025.06.03"]

1. e4 c5 2. Nf3 d6 3. d4 cxd4 4. Nxd4 Nf6 5. Nc3 g6 6. Be3 Nc6 7. f3 h5 8. Bc4
Bd7 9. Qd2 Bg7 10. O-O-O Ne5 11. Be2 Rc8 12. h3 h4 13. f4 Nc4 14. Bxc4 Rxc4 15.
e5 Nh5 16. exd6 O-O 17. Qd3 Rc8 18. dxe7 Qxe7 19. Rhe1 Qd6 20. f5 Bxf5 21. Nxf5
Qxd3 22. Ne7+ Kh7 23. Rxd3 Rce8 24. Rd7 f5 25. Rxb7 Rf7 26. Ncd5 f4 27. Bd2 Nf6
28. Nxf6+ Bxf6 29. Bb4 a5 30. Bc5 Bg5 31. Kb1 a4 32. a3 Bf6 33. Ka2 Bg7 34. Bb4
g5 35. Re6 g4 36. hxg4 h3 37. gxh3 f3 38. Re1 f2 39. Rf1 Bf8 40. g5 Bxe7 41.
Rxe7 Rfxe7 42. Bxe7 Rxe7 43. Rxf2 Re4 44. Rg2 Kg6 45. Rg4 Re3 46. h4 Re2 47. c3
Kf5 48. Rxa4 Rh2 49. Rb4 Kg6 50. a4 Kf5 51. a5 1-0

[Event "Titled Tue 3rd Jun Early"]
[Site "chess.com INT"]
[Date "2025.06.03"]
[Round "8"]
[White "Zhou, Yuxu"]
[Black "Lyutsinger, Iren"]
[Result "1/2-1/2"]
[WhiteTitle "CM"]
[BlackTitle "FM"]
[WhiteElo "2087"]
[BlackElo "2266"]
[WhiteFideId "8626421"]
[BlackFideId "34425969"]
[EventDate "2025.06.03"]

1. d4 Nf6 2. c4 e6 3. Nf3 d5 4. Nc3 c6 5. Bg5 Be7 6. e3 O-O 7. Bd3 h6 8. Bxf6
Bxf6 9. O-O dxc4 10. Bxc4 Nd7 11. Qe2 e5 12. Rad1 Qe7 13. d5 cxd5 14. Nxd5 Qc5
15. Rc1 Qa5 16. Bb5 Qxa2 17. Bxd7 Qxd5 18. Rfd1 Qa5 19. Ra1 Qb6 20. Qc4 Bxd7 21.
Rxd7 Rac8 22. Qd5 Qxb2 23. Rf1 b5 24. Rxa7 b4 25. Rb7 Rc1 26. Nd2 Rd8 27. Qxf7+
Kh8 28. Rxc1 Qxc1+ 29. Nf1 Rd1 30. Qe8+ Kh7 31. Qb5 b3 32. Qe2 b2 33. Rxb2 Rxf1+
34. Qxf1 Qxb2 35. Qd3+ Kg8 36. g4 Qc1+ 37. Kg2 Qc6+ 38. Kg3 Kf7 39. Qb3+ Ke7 40.
Qb4+ Kd7 41. Qf8 Qd6 42. Qf7+ Qe7 43. Qd5+ Ke8 44. Qa8+ Kf7 45. Qd5+ Kg6 46. Kg2
Kh7 47. h3 Qb4 48. Kf3 Qb1 49. Kg2 Qc2 50. Qb7 Bh4 51. Qf3 Bf6 52. e4 Qc8 53.
Kg3 Bg5 54. Qf5+ Qxf5 55. gxf5 Bf4+ 56. Kg4 Kg8 57. Kh5 Kf7 58. f3 Kf6 59. Kg4
g6 60. fxg6 Kxg6 61. Kh4 h5 1/2-1/2

[Event "Titled Tue 3rd Jun Early"]
[Site "chess.com INT"]
[Date "2025.06.03"]
[Round "8"]
[White "Jiganchine, Roman"]
[Black "Sanhueza, Cristian"]
[Result "1/2-1/2"]
[WhiteTitle "CM"]
[BlackTitle "FM"]
[WhiteElo "2205"]
[BlackElo "2182"]
[WhiteFideId "2603667"]
[BlackFideId "116815"]
[EventDate "2025.06.03"]

1. Nf3 Nf6 2. c4 g6 3. Nc3 Bg7 4. e4 d6 5. d4 O-O 6. Be2 e5 7. O-O exd4 8. Nxd4
Re8 9. f3 Nc6 10. Be3 Nh5 11. Re1 Nf4 12. Bf1 Nxd4 13. Bxd4 Bxd4+ 14. Qxd4 b6
15. Nd5 Nxd5 16. cxd5 Qg5 17. Qe3 Qf6 18. Rac1 Re7 19. Qc3 Qxc3 20. Rxc3 f5 21.
Rec1 fxe4 22. fxe4 Rxe4 23. Rxc7 Bf5 24. Bd3 Re5 25. Bxf5 Rxf5 26. Re7 Raf8 27.
h4 R8f7 28. Rcc7 Rxe7 29. Rxe7 Rxd5 30. Rxa7 Rd2 31. b3 b5 32. h5 gxh5 33. Kh2
b4 34. Ra4 Kf7 35. Rxb4 Rxa2 36. Rd4 Ke6 37. Kg3 Ke5 38. Rh4 Ra3 39. Rxh5+ Kd4
40. Rxh7 Rxb3+ 41. Kh4 Rb1 42. Rd7 d5 43. g4 Ke4 44. Kg5 d4 45. Kf6 d3 46. g5
Rf1+ 47. Ke6 Rg1 48. Kf6 Rf1+ 49. Ke6 Rg1 50. Kf6 Ke3 51. g6 d2 52. g7 Ke2 53.
Rxd2+ Kxd2 54. Kf7 Rf1+ 55. Ke7 Re1+ 56. Kf7 Rf1+ 57. Ke7 Rg1 58. Kf7 Ke3 59.
g8=Q Rxg8 60. Kxg8 1/2-1/2

[Event "Titled Tue 3rd Jun Early"]
[Site "chess.com INT"]
[Date "2025.06.03"]
[Round "8"]
[White "Toroptseva, Yevheniia"]
[Black "Shymanskyi, Oleksandr"]
[Result "1-0"]
[WhiteTitle "WFM"]
[BlackTitle "FM"]
[WhiteElo "2064"]
[BlackElo "2218"]
[WhiteFideId "34109374"]
[BlackFideId "14168880"]
[EventDate "2025.06.03"]

1. Nc3 d5 2. e4 dxe4 3. Nxe4 Nf6 4. Nxf6+ exf6 5. g3 Bd6 6. Bg2 O-O 7. Ne2 h5 8.
O-O h4 9. d4 Bg4 10. Bxb7 Nd7 11. Qd3 Rb8 12. Bg2 h3 13. Bf3 f5 14. b3 Nf6 15.
Bg5 Be7 16. Bxf6 Bxf6 17. Bxg4 fxg4 18. Qf5 Qc8 19. Qxc8 Rbxc8 20. Rad1 Rfe8 21.
Nf4 Rcd8 22. c3 g5 23. Nd3 Re2 24. a4 Rb8 25. b4 Ra2 26. a5 Rc2 27. Rc1 Rd2 28.
Nc5 Rd8 29. Ne4 Re2 30. Nxf6+ Kg7 31. Nxg4 Rde8 32. Ne3 f5 33. Rfe1 Rxe1+ 34.
Rxe1 Kf6 35. Nd5+ Kf7 36. Rxe8 Kxe8 37. Nxc7+ Kd7 38. Nb5 Kc6 39. Nxa7+ Kb7 40.
Nb5 Ka6 41. Na3 Kb7 42. f4 Kc7 43. Kf2 g4 44. Ke3 Kc6 45. c4 Kd6 46. d5 Kd7 47.
Kd4 Kc7 48. c5 Kd7 49. Nc4 Ke7 50. d6+ Kd7 51. Ke5 Kc6 52. Kxf5 Kb5 53. Ke5 1-0

[Event "Titled Tue 3rd Jun Early"]
[Site "chess.com INT"]
[Date "2025.06.03"]
[Round "8"]
[White "Elier, Ali"]
[Black "Salimova, Asal"]
[Result "0-1"]
[WhiteTitle "CM"]
[BlackTitle "WCM"]
[WhiteElo "2142"]
[BlackElo "2003"]
[WhiteFideId "16217543"]
[BlackFideId "14204940"]
[EventDate "2025.06.03"]

1. e4 c5 2. c3 Nf6 3. e5 Nd5 4. d4 cxd4 5. Nf3 d6 6. Bc4 Nb6 7. Bb3 Nc6 8. exd6
Qxd6 9. Na3 a6 10. Nxd4 Nxd4 11. Qxd4 Qxd4 12. cxd4 e6 13. Nc4 Nd5 14. Ne3 Nxe3
15. fxe3 Bb4+ 16. Bd2 Bd6 17. a4 Bd7 18. O-O O-O 19. Rac1 Rac8 20. a5 Bb5 21.
Rxc8 Rxc8 22. Rc1 Rxc1+ 23. Bxc1 Bb4 24. d5 exd5 25. Bxd5 Bc6 26. Bxc6 bxc6 27.
e4 Kf8 28. Kf2 Ke7 29. Ke3 Bxa5 30. Kd4 Bb6+ 31. Kc4 Ke6 32. Bf4 f5 33. e5 h6
34. h4 Bd8 35. h5 Be7 36. b4 Kd7 37. Bg3 Ke6 38. Bf4 Kf7 39. Bg3 g5 40. hxg6+
Kxg6 41. Bf4 Kh5 42. e6 Kg4 43. Be5 f4 44. Bg7 h5 45. Bd4 Kf5 46. Bc5 Kxe6 47.
Bxe7 Kxe7 48. Kc5 Kd7 49. Kd4 Kd6 50. Ke4 c5 51. bxc5+ Kxc5 52. Kxf4 Kd4 53. Kg5
a5 54. Kxh5 a4 55. g4 a3 56. g5 a2 57. g6 a1=Q 58. Kh6 Qh1+ 59. Kg7 Ke5 60. Kf8
Qa8+ 61. Kg7 Qb7+ 62. Kh8 Kf6 63. g7 Qxg7# 0-1

[Event "Titled Tue 3rd Jun Early"]
[Site "chess.com INT"]
[Date "2025.06.03"]
[Round "8"]
[White "Aalto, Patrik"]
[Black "Vingris, Mikelis"]
[Result "1-0"]
[WhiteTitle "FM"]
[WhiteElo "2313"]
[BlackElo "2102"]
[WhiteFideId "510726"]
[BlackFideId "11611731"]
[EventDate "2025.06.03"]

1. c4 c5 2. Nf3 Nc6 3. d4 cxd4 4. Nxd4 Nf6 5. Nc3 e6 6. g3 Bb4 7. Bg2 O-O 8. O-O
Bxc3 9. bxc3 d5 10. cxd5 exd5 11. Nxc6 bxc6 12. c4 dxc4 13. Bxc6 Rb8 14. Ba3 Qb6
15. Rb1 Qxc6 16. Rxb8 Re8 17. Qd6 Qe4 18. Rc1 h5 19. Qf4 Qxe2 20. Qxc4 Qxc4 21.
Rxc4 Bd7 22. Rxe8+ Bxe8 23. Bc5 a6 24. Rd4 Bb5 25. Kg2 Kh7 26. h3 Kg6 27. a4 Be8
28. Rd6 Bxa4 29. Rxa6 Bb5 30. Rb6 Bc4 31. Bd4 Kf5 32. Bxf6 gxf6 33. Rb4 Bd5+ 34.
f3 Kg6 35. Rd4 Be6 36. h4 f5 37. Kf2 Kf6 38. Ke3 Ke5 39. Rb4 Kf6 40. Kf4 Kg6 41.
Rb8 Kf6 42. Rg8 Bd5 43. Rg5 Be6 44. Rxh5 Kg6 45. Rg5+ Kh7 46. Rxf5 Kg6 47. Rg5+
Kf6 48. Ra5 Kg7 49. h5 f6 50. g4 Bf7 51. Ra7 f5 52. Rxf7+ Kh6 53. Rxf5 Kg7 54.
Kg5 Kh7 55. Rf7+ Kg8 56. Kg6 Kh8 57. Rf8# 1-0

[Event "Titled Tue 3rd Jun Early"]
[Site "chess.com INT"]
[Date "2025.06.03"]
[Round "8"]
[White "Lopez Rayo, Isabella"]
[Black "Odegov, Artem"]
[Result "0-1"]
[WhiteTitle "WFM"]
[BlackTitle "FM"]
[WhiteElo "2021"]
[BlackElo "2244"]
[WhiteFideId "4452755"]
[BlackFideId "34183644"]
[EventDate "2025.06.03"]

1. e4 Nf6 2. Nc3 d5 3. exd5 Nxd5 4. Bc4 Nb6 5. Bb3 c5 6. d3 Nc6 7. Nf3 Bf5 8.
O-O e6 9. a4 Be7 10. a5 Nd5 11. Nxd5 exd5 12. a6 b6 13. Ba4 Bd7 14. Bxc6 Bxc6
15. Ne5 Rc8 16. d4 O-O 17. Re1 Bf6 18. c3 cxd4 19. Qxd4 Ba8 20. Qd3 h6 21. Bf4
Re8 22. Ng4 Rxe1+ 23. Rxe1 Bg5 24. Bg3 d4 25. cxd4 Qd5 26. f3 h5 27. Ne5 Bf6 28.
Kh1 h4 29. Bf2 Re8 30. Qf5 Qb5 31. Bxh4 Qb4 32. h3 Re6 33. Re2 Qxd4 34. Bxf6
gxf6 35. Ng4 Rxe2 36. Nxf6+ Kf8 37. Qc8+ Ke7 38. Qe8+ Kxf6 39. Qh8+ Ke7 40. Qxd4
Re1+ 41. Kh2 Re6 42. Qh4+ Kd7 43. Qh8 Bc6 44. Qb8 Re2 45. Qxa7+ Kd6 46. Qb8+ Kc5
47. a7 Bxf3 48. Qc7+ Kb5 49. Qd7+ Ka6 50. Qc8+ Kb5 51. Qd7+ Kb4 52. Qc7 Rxg2+
53. Kh1 Rc2+ 0-1

[Event "Titled Tue 3rd Jun Early"]
[Site "chess.com INT"]
[Date "2025.06.03"]
[Round "8"]
[White "Drygalov, Sergey"]
[Black "Sakun, Volodymyr"]
[Result "1-0"]
[WhiteTitle "GM"]
[BlackTitle "FM"]
[WhiteElo "2560"]
[BlackElo "2301"]
[WhiteFideId "24171743"]
[BlackFideId "14114062"]
[EventDate "2025.06.03"]

1. d4 d5 2. c4 e6 3. Nf3 Nf6 4. Nc3 Bb4 5. Qa4+ Nc6 6. e3 O-O 7. Qc2 Re8 8. Bd2
e5 9. dxe5 Nxe5 10. cxd5 Nxf3+ 11. gxf3 Qe7 12. Rg1 g6 13. O-O-O c6 14. dxc6 Be6
15. a3 Bd6 16. Bd3 Rec8 17. Be4 Nxe4 18. Nxe4 Rxc6 19. Bc3 Bf5 20. Rd5 Bxe4 21.
Qxe4 Qxe4 22. fxe4 Bxa3 23. Kb1 Be7 24. Rd7 Bf6 25. e5 Bg7 26. Rxb7 f6 27. Rd1
fxe5 28. Rdd7 Bf6 29. Rxh7 a5 30. Ra7 Ra6 31. Rxa8+ Rxa8 32. Rb7 a4 33. Ka2 Bg7
34. h3 Rf8 35. f4 Bh8 36. fxe5 Re8 37. Rb5 Kf7 38. Ka3 Ra8 39. Rb6 Ke7 40. Bb4+
Kd7 41. e6+ Kc7 42. Rb5 Re8 43. e7 Bf6 44. Ra5 Kb6 45. Kxa4 Bxe7 46. Re5 Ra8+
47. Kb3 Bxb4 48. Kxb4 Kc7 49. Re6 Rg8 50. Kc5 Kd7 51. Rd6+ Ke7 52. b4 g5 53. b5
g4 54. hxg4 Rxg4 55. Rd4 Rg1 56. b6 Rb1 57. Kc6 Rc1+ 58. Kb7 Rc3 59. e4 Ke6 60.
Kb8 Ke5 61. Rb4 1-0

[Event "Titled Tue 3rd Jun Early"]
[Site "chess.com INT"]
[Date "2025.06.03"]
[Round "8"]
[White "Torres Rebolledo, Alvaro"]
[Black "Ugorek, Kacper"]
[Result "1-0"]
[WhiteTitle "FM"]
[BlackTitle "CM"]
[WhiteElo "2336"]
[BlackElo "2262"]
[WhiteFideId "54587670"]
[BlackFideId "21890676"]
[EventDate "2025.06.03"]

1. Nf3 Nf6 2. e3 g6 3. c4 Bg7 4. Nc3 O-O 5. b3 d6 6. Bb2 Nbd7 7. d4 b6 8. Be2 e5
9. O-O Bb7 10. dxe5 dxe5 11. Nd5 Ne4 12. Nd2 Nec5 13. b4 Ne6 14. Bf3 c6 15. Nc3
f5 16. b5 e4 17. Be2 Nec5 18. Nb3 Nd3 19. Bxd3 exd3 20. Qxd3 Ne5 21. Qe2 Qd3 22.
bxc6 Bxc6 23. Nd4 Qxe2 24. Ncxe2 Nxc4 25. Nxc6 Nxb2 26. Rac1 Rfe8 27. Nf4 Kf7
28. Rc2 Rac8 29. Rfc1 Nd3 30. Nxd3 Kf8 31. g3 Rc7 32. Ncb4 Rd7 33. Rc7 Ree7 34.
Rxd7 Rxd7 35. Rc8+ Kf7 36. Nf4 Be5 37. h4 h6 38. Nbd3 Bd6 39. h5 g5 40. Ng6 Kf6
41. Rc6 Ke6 42. Nde5 Rd8 43. Nc4 Kd5 44. Rxd6+ Rxd6 45. Nxd6 Kxd6 46. Kf1 Kd5
47. Ke2 b5 48. Kd3 a5 49. Ne7+ Ke6 50. Nc6 a4 51. a3 Kd5 52. Nd4 Kc5 53. Nxf5 b4
54. axb4+ Kxb4 55. Kc2 Ka3 56. Kb1 Kb3 57. Nxh6 Kc4 58. f4 Kd3 59. fxg5 1-0

[Event "Titled Tue 3rd Jun Early"]
[Site "chess.com INT"]
[Date "2025.06.03"]
[Round "8"]
[White "Kurmangaliyeva, Liya"]
[Black "Guliev, Gasan"]
[Result "1/2-1/2"]
[WhiteTitle "FM"]
[BlackTitle "CM"]
[WhiteElo "2246"]
[BlackElo "2123"]
[WhiteFideId "13725831"]
[BlackFideId "34165638"]
[EventDate "2025.06.03"]

1. d4 Nf6 2. c4 e6 3. Nf3 d5 4. g3 Be7 5. Bg2 O-O 6. O-O dxc4 7. Qc2 b5 8. a4
Bb7 9. axb5 a6 10. Nc3 axb5 11. Rxa8 Bxa8 12. Nxb5 Bd5 13. Nc3 Bxf3 14. Bxf3
Qxd4 15. Rd1 Qb6 16. Be3 Qa6 17. Ne4 Nc6 18. Nd2 Nd5 19. Nxc4 Rd8 20. Rc1 Bf6
21. Bc5 Nd4 22. Bxd4 Bxd4 23. Kg2 g6 24. Qb3 Ra8 25. e3 Bf6 26. Bxd5 exd5 27.
Na3 Qe6 28. Rxc7 Qe4+ 29. f3 Qe5 30. Rc5 Qxb2+ 31. Qxb2 Bxb2 32. Nc2 Ra2 33. Kh3
Kg7 34. Nb4 Ba3 35. Nxa2 Bxc5 36. Nc3 d4 37. Ne4 Bb6 38. exd4 Bxd4 39. Kg2 f5
40. Nd2 Bc3 41. Nb3 Bf6 42. Nc1 Bb2 43. Nd3 Bd4 44. f4 h6 45. Kf3 g5 46. h3 Kg6
47. Nb4 Bf6 48. Nd5 Bd8 49. Ne3 Bc7 50. Nc4 gxf4 51. gxf4 Kh5 52. Ne3 Kh4 53.
Nxf5+ Kxh3 54. Nxh6 Bxf4 1/2-1/2

[Event "Titled Tue 3rd Jun Early"]
[Site "chess.com INT"]
[Date "2025.06.03"]
[Round "8"]
[White "Hossain, Enamul"]
[Black "Cernov, Henrik"]
[Result "1-0"]
[WhiteTitle "GM"]
[BlackTitle "FM"]
[WhiteElo "2348"]
[BlackElo "2325"]
[WhiteFideId "10200649"]
[BlackFideId "16258312"]
[EventDate "2025.06.03"]

1. d4 Nf6 2. c4 Nc6 3. Nf3 e6 4. a3 d6 5. Nc3 g6 6. g3 Bg7 7. Bg2 O-O 8. O-O Re8
9. e4 e5 10. dxe5 Nxe5 11. Nxe5 Rxe5 12. Re1 Re8 13. Bg5 h6 14. Bf4 Be6 15. Qb3
b6 16. Rad1 Nd7 17. Nd5 g5 18. Be3 Nc5 19. Qc2 c6 20. Nb4 Qc7 21. e5 dxe5 22.
Bxc5 bxc5 23. Nxc6 Rac8 24. b4 h5 25. b5 h4 26. Bd5 hxg3 27. hxg3 Bg4 28. Rc1
Qd7 29. Qd2 Qf5 30. Qe3 Qg6 31. Qxc5 Bf6 32. Qe3 Kg7 33. Kg2 Rh8 34. Rh1 Qf5 35.
Be4 Qe6 36. Rxh8 Rxh8 37. Rh1 Bh3+ 38. Kg1 Qd6 39. Bd5 g4 40. Qxa7 e4 41. Qxf7+
Kh6 42. Bxe4 Bg7 43. c5 Qf6 44. Qxf6+ Bxf6 45. Nb4 Re8 46. Bg2 Re1+ 47. Kh2 Re2
48. Bxh3 gxh3 49. Kxh3 Rxf2 50. Nd5 Be5 51. Ne3 Rf3 52. Ng4+ Kg5 53. Nxe5 Rxa3
54. c6 Kf5 55. Rc1 Rc3 56. Rxc3 Kxe5 57. c7 Kd4 58. c8=Q Kd5 59. Qc5+ Ke4 60.
Re3# 1-0

[Event "Titled Tue 3rd Jun Early"]
[Site "chess.com INT"]
[Date "2025.06.03"]
[Round "8"]
[White "Tahmasebi, Hamidreza"]
[Black "Gabrielian, Artur"]
[Result "1-0"]
[WhiteTitle "FM"]
[BlackTitle "GM"]
[WhiteElo "2298"]
[BlackElo "2419"]
[WhiteFideId "12537527"]
[BlackFideId "4131002"]
[EventDate "2025.06.03"]

1. e4 c5 2. Nf3 d6 3. d4 cxd4 4. Nxd4 Nf6 5. Nc3 Nc6 6. Bg5 Bd7 7. g3 e6 8. Bg2
Be7 9. O-O a6 10. h3 O-O 11. Be3 Rc8 12. Qd2 Ne5 13. b3 Qc7 14. Nde2 b5 15. a3
a5 16. f4 Ng6 17. Rac1 h5 18. Rfd1 Rfd8 19. Qd3 b4 20. axb4 axb4 21. Nb5 Bxb5
22. Qxb5 d5 23. exd5 Nxd5 24. Bxd5 Rxd5 25. Rxd5 exd5 26. Qxd5 Bf6 27. Qxh5 Bb2
28. Re1 Qxc2 29. Nd4 Bxd4 30. Bxd4 Qxb3 31. Qg4 Rd8 32. f5 Rxd4 33. fxg6 Rd8 34.
gxf7+ Qxf7 35. Qxb4 Qa7+ 36. Kh1 Qa8+ 37. Qe4 Qxe4+ 38. Rxe4 Ra8 39. Kg2 Ra2+
40. Kf3 Ra3+ 41. Kg4 Ra5 42. h4 Kh7 43. Rb4 Ra1 44. Kf4 Rf1+ 45. Kg5 Ra1 46. Rb5
Ra3 47. g4 Ra6 48. h5 Rc6 49. Kf5 Rf6+ 50. Ke4 Ra6 51. g5 Ra4+ 52. Kf5 Rh4 53.
h6 gxh6 54. Rb7+ Kg8 55. Kg6 Kf8 56. Rb8+ Ke7 57. gxh6 Rg4+ 58. Kh5 Rg1 59. h7
Rh1+ 60. Kg6 1-0

[Event "Titled Tue 3rd Jun Early"]
[Site "chess.com INT"]
[Date "2025.06.03"]
[Round "8"]
[White "Ishvi, Aggarwal"]
[Black "Stefanov, Plamen"]
[Result "1-0"]
[WhiteTitle "WCM"]
[WhiteElo "1954"]
[BlackElo "1982"]
[WhiteFideId "25728890"]
[BlackFideId "2900980"]
[EventDate "2025.06.03"]

1. d4 Nf6 2. c4 c5 3. d5 b5 4. cxb5 a6 5. bxa6 g6 6. Nc3 Bxa6 7. Nf3 d6 8. g3
Bg7 9. Bg2 O-O 10. O-O Nbd7 11. h3 Qa5 12. Rb1 Rfb8 13. Qc2 Qc7 14. b3 h6 15.
Bb2 Nb6 16. Rfd1 Qd7 17. e4 e5 18. dxe6 Qxe6 19. a4 Bb7 20. Nd2 c4 21. b4 Nbd7
22. Nd5 Nxd5 23. exd5 Bxd5 24. Bxd5 Qxd5 25. Bxg7 Kxg7 26. Nxc4 Qh5 27. Qc3+ Kh7
28. Nxd6 Qxh3 29. Nxf7 Rf8 30. Nd6 Rxf2 31. Kxf2 Qh2+ 32. Kf3 Rf8+ 33. Ke4 Nf6+
34. Kd4 Qf2+ 35. Qe3 Qa2 36. Qe7+ Kg8 37. Nc4 Qf2+ 38. Qe3 Rd8+ 39. Kc3 Qxe3+
40. Nxe3 Ne4+ 41. Kb3 Nd2+ 42. Ka3 Nxb1+ 43. Rxb1 Rd3+ 44. Rb3 Rd4 45. b5 Rd7
46. b6 Rb7 47. a5 Kf7 48. a6 Rb8 49. b7 Ke6 50. a7 Rf8 51. b8=Q Rf3 52. Qb7 1-0

[Event "Titled Tue 3rd Jun Early"]
[Site "chess.com INT"]
[Date "2025.06.03"]
[Round "8"]
[White "Lopez Abreu, Michel Samuel"]
[Black "Novikova, Marharyta"]
[Result "1/2-1/2"]
[WhiteTitle "FM"]
[BlackTitle "WCM"]
[WhiteElo "2038"]
[BlackElo "1969"]
[WhiteFideId "3927903"]
[BlackFideId "14109689"]
[EventDate "2025.06.03"]

1. d4 Nf6 2. Nf3 e6 3. c4 d5 4. Nc3 Bb4 5. Bg5 h6 6. Bxf6 Qxf6 7. e3 O-O 8. cxd5
exd5 9. Be2 c6 10. O-O Bg4 11. Ne5 Bxe2 12. Qxe2 Rd8 13. a3 Bd6 14. f4 Nd7 15.
Qg4 Nf8 16. Rf3 Bxe5 17. dxe5 Qg6 18. Qh4 d4 19. exd4 Rxd4 20. Rg3 Qh7 21. Qg4
Ng6 22. Rf1 Nxe5 23. Qe2 Nc4 24. Qe7 Rb8 25. Qc7 Rdd8 26. f5 Nxb2 27. Ne4 Kh8
28. Qxf7 Rf8 29. Qg6 Qxg6 30. Rxg6 Nc4 31. Nc5 Ne3 32. Rf3 Rxf5 33. Rxf5 Nxf5
34. Nd7 Rd8 35. Ne5 Ne3 36. Nf7+ Kh7 37. Nxd8 Kxg6 38. Nxb7 Nc4 39. a4 Nb2 40.
Nc5 a5 41. Nb3 Nxa4 42. Nxa5 c5 43. Kf2 Kf5 44. Ke3 Ke5 45. Nc4+ Kd5 46. Kd3 g5
47. Ne3+ Kc6 48. Nc4 Nb6 49. Ne5+ Kb5 50. Nf7 c4+ 51. Kc3 Nd5+ 52. Kc2 c3 53.
Nxh6 Kc4 54. Nf5 Nb4+ 55. Kc1 c2 56. Ne3+ Kc3 57. Nxc2 Nxc2 58. Kd1 Ne3+ 59. Ke2
Nxg2 60. Kf3 Nf4 61. Kg4 Ne6 62. h4 gxh4 63. Kxh4 1/2-1/2